Indian contract act, 1872 (Record no. 32550)

MARC details
000 -LEADER
fixed length control field 00478nam a2200181Ia 4500
008 - FIXED-LENGTH DATA ELEMENTS--GENERAL INFORMATION
fixed length control field 230917s9999||||xx |||||||||||||| ||und||
020 ## - ISBN
Price RS2545
040 ## - CATALOGING SOURCE
-- 251390
Original cataloging agency VIVEKANANDA LIBRARY
041 ## - Language
-- English
082 ## - DDC NUMBER
Classification number 346.022 M91I(15)
100 ## - MAIN ENTRY--PERSONAL NAME
Personal name Pollock, Frederick
245 #0 - TITLE STATEMENT
Title Indian contract act, 1872
250 ## - EDITION STATEMENT
Edition statement 15th ed.
260 ## - PUBLICATION, DISTRIBUTION, ETC. (IMPRINT)
Place of publication, distribution, etc Gurgaon
Name of publisher, distributor, etc Lexix Nexis
Date of publication, distribution, etc 2018
300 ## - PHYSICAL DESCRIPTION
Pages cccli, 1816 p.
500 ## - GENERAL NOTE
General note 3585 19/08/2019 HBD18/7562 05/12/2018 Main Budget
942 ## - ADDED ENTRY ELEMENTS (KOHA)
Koha item type Books
Holdings
Withdrawn status Lost status Damaged status Not for loan Location (home branch) Sublocation or collection (holding branch) Date acquired Koha issues (times borrowed) Koha full call number Accession No. Koha date last seen Koha item type
        VIVEKANANDA LIBRARY VIVEKANANDA LIBRARY 15/01/2019   346.022 M91I(15) 376054 17/09/2023 Books
        VIVEKANANDA LIBRARY VIVEKANANDA LIBRARY 15/01/2019   346.022 M91I(15) 376055 17/09/2023 Books
        VIVEKANANDA LIBRARY VIVEKANANDA LIBRARY 15/01/2019   346.022 M91I(15) 376056 17/09/2023 Books
        VIVEKANANDA LIBRARY VIVEKANANDA LIBRARY 15/01/2019   346.022 M91I(15) 376057 17/09/2023 Books
        VIVEKANANDA LIBRARY VIVEKANANDA LIBRARY 15/01/2019   346.022 M91I(15) 376058 17/09/2023 Books
        VIVEKANANDA LIBRARY VIVEKANANDA LIBRARY 15/01/2019   346.022 M91I(15) 376388 17/09/2023 Books
        VIVEKANANDA LIBRARY VIVEKANANDA LIBRARY 15/01/2019   346.022 M91I(15) 376389 17/09/2023 Books
        VIVEKANANDA LIBRARY VIVEKANANDA LIBRARY 15/01/2019   346.022 M91I(15) 376390 17/09/2023 Books
        VIVEKANANDA LIBRARY VIVEKANANDA LIBRARY 15/01/2019   346.022 M91I(15) 376391 17/09/2023 Books
        VIVEKANANDA LIBRARY VIVEKANANDA LIBRARY 15/01/2019   346.022 M91I(15) 376392 17/09/2023 Books
© Designed and Maintained by Vivekananda Library, MDU Rohtak